El Descubrimiento arqueológico del siglo
Descripción Física:
[8] p. : il. col. ; 29 cm
Materias:
Arqueologia -- Xina -- Exposicions
MARC
| LEADER | 00000nam a2200000Ia 4500 | ||
|---|---|---|---|
| 001 | 19557 | ||
| 008 | 160829s1981 xx 000 0 cat d | ||
| 080 | |a FU-8-40 | ||
| 245 | |a El Descubrimiento arqueológico del siglo | ||
| 260 | |a Madrid : |b Egraf, |c 1981 | ||
| 300 | |a [8] p. : |b il. col. ; |c 29 cm | ||
| 590 | |a Exposició celebrada a Jorba Preciados, Barcelona. | ||
| 590 | |a Prové de Q-166 | ||
| 650 | |a Arqueologia |x Xina |x Exposicions |9 46693 | ||
| 901 | |a Arxiu | ||
| 942 | |n 1 | ||
| 952 | |0 0 |1 0 |4 0 |6 FU840 |7 1 |9 53388 |a Arxiu |b Arxiu |d 2016-12-01 |l 0 |o FU-8-40 |p 19557 |r 2016-12-01 00:00:00 |w 2016-12-01 |y ARXIU | ||
| 999 | |c 57253 |d 57253 | ||